000 00325nam a22000977a 4500
005 20250901165556.0
008 231002b |||||||| |||| 00| 0 eng d
050 _aREF BF1503.S3 1968
245 _aTHE USBORNE ILLUSTRATED ENCYCLOPEDIA:SCIENCE & TECHNOLOGY
_cSCcholastic inc.
942 _2lcc
_hREF BF1503.S3 1968
999 _c6102
_d6102